000
00292nam a2200109Ia 4500
008
200302s9999 xx 000 0 und d
100
_a
Frank Harris and Ronald Mc Caffer
245
_a
Modern Construction Management 7th ed
260
_b
John Wiley and Sons ,Inc
260
_c
2013
300
_a
558
999
_c
5338
_d
5338